| 000 | 00771nam a2200241 i 4500 | ||
|---|---|---|---|
| 001 | 10291 | ||
| 003 | ES-MaACL | ||
| 005 | 20231213062934.0 | ||
| 007 | t| | ||
| 008 | 950418s1991 sp ||||1| spa d | ||
| 020 | _a84-86832-94-2 | ||
| 080 | _a92 Cela, Camilo José | ||
| 080 | _a86(Cela,C.J.):92 | ||
| 100 | 1 |
_aFlórez, Rafael, _d1926-2019 _951311 |
|
| 245 | 1 | 0 |
_aCamilo de Camilos _b: 1ª biografía completa / _cRafael Flórez "El Alfaqueque". |
| 260 |
_aMadrid : _bBitacora, _cD.L.1991. |
||
| 300 |
_a452 p. : _bil. ; _c21 cm. |
||
| 490 | 1 | _aUlises | |
| 600 | 1 | 4 |
_aCela, Camilo José, _d1916-2002- _xBiografías _937337 |
| 830 | 0 |
_aUlises _9178667 |
|
| 852 |
_aES-MaACL _jL-17783 _bR.123745 _q. - Ded.autóg. del autor |
||
| 999 |
_c10291 _d10291 |
||